Molecular Biology and Biotechnology (Record no. 8596)

MARC details
000 -LEADER
fixed length control field 00414nam a22001457a 4500
003 - CONTROL NUMBER IDENTIFIER
control field OSt
008 - FIXED-LENGTH DATA ELEMENTS--GENERAL INFORMATION
fixed length control field 200319b ||||| |||| 00| 0 eng d
020 ## - INTERNATIONAL STANDARD BOOK NUMBER
International Standard Book Number 9788186535257
100 ## - MAIN ENTRY--PERSONAL NAME
Personal name WALKER, J.M. AND GINGOLD, E.B.
245 ## - TITLE STATEMENT
Title Molecular Biology and Biotechnology
250 ## - EDITION STATEMENT
Edition statement 4th (2006)
260 ## - PUBLICATION, DISTRIBUTION, ETC. (IMPRINT)
Place of publication, distribution, etc New Delhi
Name of publisher, distributor, etc Panima Publishing Corporation
650 ## - SUBJECT ADDED ENTRY--TOPICAL TERM
Topical term or geographic name as entry element Pharmaceutical Microbiology/ Biotech
942 ## - ADDED ENTRY ELEMENTS (KOHA)
Source of classification or shelving scheme Dewey Decimal Classification
Koha item type Text Books
Holdings
Withdrawn status Lost status Source of classification or shelving scheme Damaged status Not for loan Collection code Home library Current library Shelving location Date acquired Source of acquisition Currency Cost, normal purchase price Bill Number Total Checkouts Full call number Acc. no. / Barcode Date last seen Actual Cost, discounted price Bill Date Koha item type Date last borrowed
    Dewey Decimal Classification     B.Pharma PIET C-LIBRARY PIET C-LIBRARY Ref. Sec. R02 07/01/2020 Kirti Prakashan IN Rupees 795.00 IN5980   660.6 WAM BP325 19/03/2020 596.25 07/01/2020 Reference Books  
    Dewey Decimal Classification     B.Pharma PIET C-LIBRARY PIET C-LIBRARY   07/01/2020 Kirti Prakashan IN Rupees 795.00 IN5980 1 660.6 WAM BP326 17/10/2024 596.25 07/01/2020 Text Books 09/09/2024
    Dewey Decimal Classification     B.Pharma PIET C-LIBRARY PIET C-LIBRARY   07/01/2020 Kirti Prakashan IN Rupees 795.00 IN5980 1 660.6 WAM BP327 16/10/2023 596.25 07/01/2020 Text Books 25/08/2023

Design & Developed by: PIET Central Library
R70 Miles Stone Pattikalyana Samalkha Panipat 132102
mail ID :- [email protected], Phone No:- 0180-2569700 Ex.216